000 00462nam a2200169 i 4500
001 29080
003 ES-MaACL
005 20230906153955.0
007 t|
008 030121s1966 sp ||||1| cat d
100 1 _aBalasch Martín, Jorge.
_924829
245 1 3 _aLa vida sexual
_b: (fisiología) /
_cJordi Balasch.
250 _a1ª ed.
260 _aBarcelona, etc. :
_bBruguera,
_c1966.
300 _a108 p. ;
_c18 cm.
852 _aES-MaACL
_jC-29507
_bR.59744
999 _c29080
_d29080